Alienation and Resilience: understanding corona affected families/ (Record no. 177881)

MARC details
000 -LEADER
fixed length control field 00740nam a22002057a 4500
005 - DATE AND TIME OF LATEST TRANSACTION
control field 20210309150635.0
010 ## - LCCN (DPL NO)
LC control number ENG-129177
020 ## - INTERNATIONAL STANDARD BOOK NUMBER
International Standard Book Number 978-81-237-9197-5
Terms of availability 135.00
035 ## - SYSTEM CONTROL NUMBER
System control number EN-112709
037 ## - SOURCE OF ACQUISITION
Source of stock number/acquisition DBAD/PUB
082 ## - DEWEY DECIMAL CLASSIFICATION NUMBER
Classification number 616.2414
100 ## - MAIN ENTRY--PERSONAL NAME
Personal name Harsheeta
245 ## - TITLE STATEMENT
Title Alienation and Resilience: understanding corona affected families/
Statement of responsibility, etc Harsheeta and Meena Arora
260 ## - PUBLICATION, DISTRIBUTION, ETC. (IMPRINT)
Place of publication, distribution, etc New Delhi
Name of publisher, distributor, etc National Book Trust
Date of publication, distribution, etc 2020
270 ## - ADDRESS
City New Delhi
Postal code 110070
Address Nehru Bhawan, 5 Institutional Area, Phase-II, Vasant Kunj
300 ## - PHYSICAL DESCRIPTION
Extent xxiv+82p.
Dimensions 21cm(pbk)
Other physical details Including illustrations and bibliographical references.
500 ## - GENERAL NOTE
General note illustration: Neetu Sharma
700 ## - ADDED ENTRY--PERSONAL NAME
Personal name Arora, Meena
942 ## - ADDED ENTRY ELEMENTS (KOHA)
Source of classification or shelving scheme Dewey Decimal Classification
Item type English Books
Classification part 616.2414
Call number suffix HAR
Holdings
Withdrawn status Lost status Not for loan Collection code Home library Current library Date acquired Source of acquisition Cost, normal purchase price Full call number Barcode Copy number Cost, replacement price Koha item type
      Non-fiction Ashok Vihar Ashok Vihar 09/03/2021 DBAD/PUB 135.00 616.2414 HAR EN-112709 1 135.00 English Books

© Delhi Public Library
Hit Counter
free hit counter